000
00255nam a2200109Ia 4500
008
190914s9999||||xx |||||||||||||| ||und||
100
_a
Steve Cummings
245
0
_a
VBA For Dummies
260
_a
New Delhi
_b
Bantam Books
_c
2004
300
_a
562
942
_c
BK
999
_c
9083
_d
9083